Normal view
MARC view
- Overview of Urdu Literary Criticism
Entry Topical Term
001 - CONTROL NUMBER
- control field: 129620
003 - CONTROL NUMBER IDENTIFIER
- control field: NUST
005 - DATE AND TIME OF LATEST TRANSACTION
- control field: 20250710114410.0
008 - FIXED-LENGTH DATA ELEMENTS
- fixed length control field: 250710|| aca||aabn | a|a d
040 ## - CATALOGING SOURCE
- Original cataloging agency: NUST
- Transcribing agency: NUST
150 ## - HEADING--TOPICAL TERM
- Topical term or geographic name entry element: Overview of Urdu Literary Criticism
670 ## - SOURCE DATA FOUND
- Source citation: Work cat.: (NUST): Ashraf,Dr Jaleel 129619, Dr Saleem Akhtar Bahasiyat Naqaad/, 2009.
